000 00677nam a2200241Ia 4500
003 OSt
005 20220926021007.0
006 a|||||r|||| 00| 0
007 ta
008 220923b |||||||| |||| 00| 0 eng d
037 _cGeneral Book
040 _aRTL
_cRTL
_beng
041 _2eng
_aeng
082 _aX.5.N, N2
100 _aFisher Douglas
245 0 _aIndustries revolution
_b A macroeconomic interpretation
260 _aNew York
_bSt Martin's Press
_c1992
300 _axiv,313p.
_ccm.
500 _aBibliography: P 299-308
650 _aEconomic Condition
942 _hX.5.N, N2
_cGB
_2CC
999 _c635412
_d635412